000 01782nam0a2200337 4500
001 RU\NLR\bibl\1274739
005 20260406024755.0
010 _a978-5-370-00219-9
_bв обл.
_93000
021 _aRU
_b2008-57186
_93182
035 _a(nilc)EL/0000167316
035 _a(NLR Aleph) 001260570
090 _a376452
_c376452
100 _a20080121d2008 |||y0rusy50 ca
101 0 _arus
102 _aRU
105 _ay z |||||
200 1 _aЗащита интересов школьников и студентов при получении образования
_e[выбор образовательного учреждения. Основные виды образовательных услуг. Договор об оказании платных образовательных услуг. Досудебная защита прав потребителей. Образцы документов (претензия, жалоба, исковое заявление)]
_fН.А. Агешкина
210 _aМосква
_cОмега-Л
_d2008
215 _a156 с.
_d20
225 1 _aЗащита прав потребителей
606 0 _aОбразовательные учреждения
_xПлатные услуги
_xПравовые вопросы
_yРоссийская Федерация
_92162072
_3RU\NLR\auth\661301110
686 _a67.404.13
_vLBC/M
_2rubbk
686 _aХ623.211.8
686 _aЧ34(2Р)8б
700 1 _4070
_8rus
_7ca
_aАгешкина
_bН. А.
_gНаталия Александровна
_3RU\NLR\auth\77126357
_9109281
801 0 _aRU
_bПермская ГОУБ
_c20080121
_grcr
801 1 _aRU
_bПермская ГОУБ
_c20080121
801 2 _aRU
_bNLR
_c20080918
_grcr
830 _aавт. по кн.59
942 _cBOOK
980 _aNB